Statistics for 福岡高速道路のIC

Click here to take the quiz!

General Stats

  • This quiz has been taken 24 times
  • The average score is 27 of 43

Answer Stats

C 環状線% Correct
IC香椎
88%
IC野芥
81%
IC姪浜
81%
IC太宰府
81%
IC大野城
75%
IC天神北
75%
IC西公園
75%
IC百道
75%
IC金の隈
75%
IC/JCT福重
75%
JCT/IC香椎浜
75%
IC福岡
75%
JCT香椎浜
75%
IC博多駅東
75%
IC千代
75%
IC水城
69%
JCT貝塚
69%
JCT/IC貝塚
69%
IC半道橋
69%
IC東浜
69%
IC箱崎
69%
ICアイランドシティ
69%
IC粕屋
63%
JCT月隈
63%
IC香椎東
63%
IC名島
63%
IC/JCT月隈
63%
IC板付
63%
IC野多目
56%
IC空港通
56%
IC呉服町
56%
JCT千鳥橋
56%
JCT千鳥橋
56%
IC
50%
IC愛宕
50%
IC榎田
50%
JCT
50%
JCT
50%
IC多の津
38%
IC築港
38%
IC石丸
31%
IC西月隈
31%
IC松島
31%

Score Distribution

Percentile by Number Answered

Percent of People with Each Score

Your Score History

You have not taken this quiz